Dora's Easter basket / (Record no. 49755)
| 000 -LEADER | |
|---|---|
| fixed length control field | 01125nam a2200217 4500 |
| 020 ## - INTERNATIONAL STANDARD BOOK NUMBER | |
| International Standard Book Number | 9781416904540 (pbk.) : |
| Terms of availability | £4.99 |
| 020 ## - INTERNATIONAL STANDARD BOOK NUMBER | |
| International Standard Book Number | 1416904549 (pbk.) : |
| Terms of availability | £4.99 |
| 040 ## - CATALOGING SOURCE | |
| Original cataloging agency | StDuBDS |
| Language of cataloging | eng |
| Transcribing agency | StDuBDS |
| Modifying agency | Uk |
| 042 ## - AUTHENTICATION CODE | |
| Authentication code | ukblcatcopy |
| 082 04 - DEWEY DECIMAL CLASSIFICATION NUMBER | |
| Classification number | 813.6 |
| Edition number | 22 |
| 100 ## - MAIN ENTRY--PERSONAL NAME | |
| Personal name | Wilson, Sarah, |
| Relator term | author. |
| 9 (RLIN) | 86878 |
| 245 00 - TITLE STATEMENT | |
| Title | Dora's Easter basket / |
| Statement of responsibility, etc | adapted by Sarah Wilson from the screenplay by Eric Weiner ; illustrated by Susan Hall. |
| 260 ## - PUBLICATION, DISTRIBUTION, ETC. (IMPRINT) | |
| Place of publication, distribution, etc | London : |
| Name of publisher, distributor, etc | Simon & Schuster/Nickelodeon, |
| Date of publication, distribution, etc | 2007. |
| 300 ## - PHYSICAL DESCRIPTION | |
| Extent | 32 p. : |
| Other physical details | chiefly col. ill. ; |
| Dimensions | 21 x 26 cm. |
| 490 ## - SERIES STATEMENT | |
| Series statement | Dora the explorer |
| 500 ## - GENERAL NOTE | |
| General note | It's Easter time and Dora and Boots are going on an egg hunt. But these are no ordinary eggs -- each one has a special prize hidden inside! Young explorers will love helping Dora as she searches for the special easter eggs. Can she find all twelve before Swiper swipes them? |
| 650 ## - SUBJECT ADDED ENTRY--TOPICAL TERM | |
| Topical term or geographic name as entry element | Dora the Explorer (Fictitious character) |
| Form subdivision | Pictorial works |
| -- | Juvenile fiction. |
| 9 (RLIN) | 86879 |
| 650 ## - SUBJECT ADDED ENTRY--TOPICAL TERM | |
| Topical term or geographic name as entry element | Easter egg hunts |
| Form subdivision | Pictorial works |
| -- | Juvenile fiction. |
| 9 (RLIN) | 86880 |
| 655 #7 - INDEX TERM--GENRE/FORM | |
| Genre/form data or focus term | Children's stories |
| Form subdivision | Pictorial works. |
| Source of term | gsafd |
| 942 ## - ADDED ENTRY ELEMENTS (KOHA) | |
| Source of classification or shelving scheme | |
| Koha item type | Book |
| Withdrawn status | Lost status | Source of classification or shelving scheme | Damaged status | Not for loan | Home library | Current library | Date acquired | Total Checkouts | Full call number | Barcode | Date last seen | Date checked out | Price effective from | Koha item type |
|---|---|---|---|---|---|---|---|---|---|---|---|---|---|---|
| Logos International School | Logos International School | 11/13/2025 | 1 | E DOR | 041958 | 12/04/2025 | 11/27/2025 | 11/13/2025 | Book |